Statistics for Brands Logo Quiz #5

Click here to take the quiz!

General Stats

  • This quiz has been taken 607 times
    (590 since last reset)
  • The average score is 17 of 32

Answer Stats

Answer% Correct
Barbie
91%
Disney
88%
Ford
87%
Twitter
86%
Cheetos
85%
eBay
81%
Gucci
80%
Cartoon Network
79%
FedEx
76%
Google Chrome
74%
Fila
72%
Hulu
70%
Acer
68%
Blu-Ray
66%
L'Oreal
66%
National Geographic
60%
Soundcloud
51%
Adobe
45%
Aquafina
44%
CVS
41%
Timberland
39%
Wells Fargo
37%
Nascar
34%
Sprint
31%
Vodafone
31%
Exxon
27%
Guinness
27%
Unilever
24%
Costa Coffee
16%
Gazprom
10%
Garmin
9%
Amtrak
8%

Score Distribution

Percentile by Number Answered

Percent of People with Each Score

Your Score History

You have not taken this quiz since the last reset